zpět

Detail výsledku týmu

Luna Club 07, Teplice

Datum a čas kvízu

19.5 Celkem bodů Celkový počet nahraných bodů na tomto kvízu bez doplňovacích otázek.
16. Pořadí na kvízu Konečné umístění týmu na tomto kvízu.

Zaznamenané odpovědi

# Otázka Odpověď Body Výsledky
1. Prezident Petr Pavel minulý tý... Zlatý záchranářský kříž 0
2. Malé městečko Robbinsville mez... hinduismus 0
3. Od čtvrtka do neděle probíhala... Signal (Festival) 1
4. Společnost Microsoft v pátek d... Activision Blizzard 0
5. Jak se jmenuje český útočník,... Mojmír Chytil 1
6. Že se pravěk tradičně dělí na... halštatská, laténská 0
7. Lovci mamutů od Eduarda Štorch... Kopčem 0
8. Znáte seriál pro nejmenší na o... O človíčkovi 0
9. Uveďte českou podobu druhového... moudrý (i rozumný) 0
10. Ve kterém státě najdeme jeskyn... ve Francii 1